[Event "1st Irena Warakomska Memorial"]
[Site "Suwalki"]
[Date "2017.08.14"]
[Round "5"]
[White "Ulybin, Mikhail"]
[Black "Sagar, Shah"]
[Result "1-0"]
[WhiteElo "2518"]
[BlackElo "2397"]
[Annotator "TA"]
[PlyCount "53"]
[EventDate "2017.??.??"]
[EventType "swiss"]
[EventCountry "POL"]
[SourceTitle "playchess.com"]
[Source "ChessBase"]
[SourceQuality "1"]

{[%evp 25,53,0,4,0,0,7,8,7,58,56,162,179,166,56,66,56,179,166,217,216,206,213,393,390,505,495,627,635,933,892]} 1. d4 Nf6 2. c4 e6 3. g3 d5 4. Nf3 Bb4+ 5. Bd2 Be7 6. Bg2 O-O 7. O-O c6 8. Qb3 Nbd7 9. Nc3 b6 {E11: Bogo-Indian} 10. Rac1 Bb7 11. Bf4 Nh5 12. Bd2 Nhf6 13. Bf4 Nh5 {LiveBook: 6 Games} 14. Be5 f6 15. cxd5 cxd5 {[#]} ({Worse is} 15... exd5 16. Bc7 $1 $16 {[%mdl 512]}) 16. Bf4 $146 ({Predecessor:} 16. Bc7 Qxc7 17. Nxd5 Qd6 18. Nxe7+ Qxe7 19. Rc7 Bd5 20. Qb5 {1-0 (27) Romanishin,O (2615)-Ribli,Z (2610) Polanica Zdroj 1993}) 16... Rc8 (16... Nxf4 $11 17. gxf4 Rf7) 17. Bd2 $14 {Threatens to win with g4.} f5 {[#]} (17... g5 $14) 18. Nb5 $1 $18 {[%cal Bc3b5,Bb5a7,Ba7c6][%mdl 32]} a6 {[#]} 19. Rxc8 (19. Na7 $1 $18 {[%cal Ra7c8]} Rxc1 20. Rxc1) 19... Bxc8 $14 20. Na7 $36 {[%mdl 2048] Hoping for Nc6. White has the initiative.} Bb7 (20... Qc7 $1 $14) 21. Rc1 $18 {Nc6 is the strong threat.} Bd6 (21... Bf6 {was necessary.}) 22. Ng5 Qe8 {intending ...h6.} 23. Nc6 Ndf6 $2 (23... Kh8 24. Qe3 Nb8) 24. Qxb6 Ba8 25. Bb4 {White is clearly winning.} Nd7 26. Qxa6 Nb8 27. Qxa8 {Precision: White = 76%, Black = 19%.} 1-0

[Event "1st Irena Warakomska Memorial"]
[Site "Suwalki"]
[Date "2017.08.14"]
[Round "5"]
[White "Vetoshko, Volodymyr"]
[Black "Grib, Roman"]
[Result "1-0"]
[WhiteElo "2517"]
[BlackElo "2427"]
[Annotator "TA"]
[PlyCount "121"]
[EventDate "2017.??.??"]
[EventType "swiss"]
[EventCountry "POL"]
[SourceTitle "playchess.com"]
[Source "ChessBase"]
[SourceQuality "1"]

{[%evp 18,121,23,17,45,49,62,50,60,51,90,77,73,76,83,72,88,80,88,83,89,65,62,62,128,104,107,87,112,124,138,82,154,150,262,262,245,235,235,240,491,495,537,521,422,407,412,410,407,318,318,314,320,322,314,213,213,0,258,258,258,251,258,251,485,450,496,489,504,484,490,484,433,433,427,419,860,860,831,778,846,745,851,796,633,407,793,783,861,847,832,464,804,437,806,781,718,602,1001,936,1517,1398,1991,778,1952,1842]} 1. e4 e5 2. Nf3 Nc6 3. Bb5 Nf6 4. d3 d6 5. c3 g6 6. O-O Bg7 7. Re1 O-O 8. Nbd2 {[%cal Bb1d2,Bd2f1,Bf1g3][%mdl 32]} Bd7 9. Nf1 {C66: Ruy Lopez: Steinitz Defence} (9. Ba4 Nh5 10. Nf1 Kh8 11. h3 f5 12. exf5 gxf5 13. d4 e4 14. Ng5 Nf6 15. d5 Ne5 16. Bxd7 Qxd7 {1-0 (42) Caruana,F (2804)-Kramnik,V (2812) Paris 2016}) 9... h6 10. Ng3 {LiveBook: 3 Games} Nh7 $146 ({Find the theoretical novelty and annotate with similar games:} 10... Qe7 11. a4 a6 12. Bc4 Na5 13. Ba2 c5 14. Be3 Kh7 15. b4 cxb4 16. cxb4 Nc6 {0-1 (68) Pichot,A (2556)-Hoffman,A (2488) Buenos Aires 2017}) 11. h3 {White is slightly better.} Ng5 12. Nxg5 hxg5 13. Be3 Kh7 14. Qd2 Bf6 15. d4 {[%cal Bd3d4,Bd4d5][%mdl 32]} a6 {...exd4 is the strong threat.} 16. Ba4 b5 17. Bc2 Rh8 18. f3 Kg7 19. d5 Na5 20. b3 {[%cal Bb2b3,Bb3b4][%mdl 32]} Nb7 (20... Rc8 $14) 21. b4 $16 a5 22. Reb1 c5 23. dxc6 $1 Bxc6 24. Bb3 (24. a4 $142) 24... Rc8 ({Black should try} 24... a4) 25. a4 Qc7 (25... bxa4 $16 26. Bxa4 Bxa4) 26. axb5 $18 (26. Bxg5 $6 bxa4 27. Bxa4 Bxa4 $16) 26... Bxb5 27. bxa5 ({Much less strong is} 27. Bxg5 $6 axb4 28. Bxf6+ (28. cxb4 Qc3 $16) 28... Kxf6 $16) 27... Nxa5 {[#]} 28. Bxf7 $1 {[%mdl 512]} Bc4 $2 (28... Qxf7 29. Rxa5 (29. Rxb5 Nc4 $16) 29... Bc4 30. Bxg5 (30. Qxd6 Rhd8 $18) 30... Qc7 31. Bxf6+ Kxf6) 29. Bd5 Rb8 30. Rxb8 Rxb8 {[#]} 31. Rxa5 $1 {[%mdl 512]} Qxa5 32. Bxc4 Rc8 33. Qd5 Qxd5 34. Bxd5 Rxc3 35. Nf1 Bd8 36. Bf2 Rc1 37. Be3 $2 (37. Ba2 $18) 37... Rb1 $2 {[%mdl 8192]} (37... Rc3 $1 $11 {and Black is okay.} 38. Kh2 Rd3) 38. Kf2 Bb6 {Black hopes to continue with ...Rxf1+.} 39. Bxb6 Rxb6 40. Ne3 Kf6 $2 (40... Rb2+ 41. Kg3 Rb8) 41. Nc4 Ra6 42. Kg3 Ke7 43. Kg4 Ra2 {[%cal Ra2g2]} 44. g3 Rg2 45. Na3 Rg1 46. Nb5 Rg2 (46... Kd7 $142 47. Bf7 Ke7) 47. Nc7 Rg1 48. Ne6 Rg2 49. Nxg5 Rg1 50. h4 Rg2 51. Ne6 Kf6 (51... Rg1 $142 52. Nc7 Kf6) 52. Nd8 {White is clearly winning.} Rg1 53. Nb7 Ke7 54. Na5 Rg2 (54... Rf1 $142 55. Nc6+ Kd7) 55. Nc4 Rg1 (55... Rf2 $142 56. Bg8 Kf8) 56. f4 exf4 57. Kxf4 Rf1+ 58. Kg5 Rg1 59. g4 Rg3 60. Nd2 Rg2 61. Nb3 {Precision: White = 79%, Black = 20%.} 1-0

[Event "1st Irena Warakomska Memorial"]
[Site "Suwalki"]
[Date "2017.08.14"]
[Round "5"]
[White "Jakubowski, Krzysztof"]
[Black "Kulon, Klaudia"]
[Result "1-0"]
[WhiteElo "2515"]
[BlackElo "2359"]
[Annotator "TA"]
[PlyCount "129"]
[EventDate "2017.??.??"]
[EventType "swiss"]
[EventCountry "POL"]
[SourceTitle "playchess.com"]
[Source "ChessBase"]
[SourceQuality "1"]

{[%evp 21,129,18,10,-48,-48,-52,-48,-46,-54,-41,20,19,52,48,65,27,39,41,41,-9,-7,-21,-15,-10,1,-54,-60,-69,-35,-41,-40,-35,0,0,0,0,0,0,0,-15,-15,-15,-15,-14,-3,-5,4,4,0,0,35,35,35,36,39,0,33,14,23,0,0,0,0,0,0,0,4,4,5,7,8,0,30,7,29,13,12,12,20,0,0,0,0,0,0,0,314,266,337,316,308,277,310,320,407,246,531,514,513,504,493,490,498,431,618,644,683,581,666,573]} 1. d4 Nf6 2. c4 g6 3. Nf3 Bg7 4. g3 O-O 5. Bg2 d6 6. Nc3 Nc6 7. O-O e5 8. dxe5 dxe5 9. Bg5 Be6 10. Qa4 Qb8 {E62: King's Indian: Fianchetto: 6...c6 and Panno Variation (6...Nc6) without ...a6} 11. Rfd1 Nd7 {LiveBook: 4 Games} 12. Nd5 $146 (12. Qc2 $11) ({Predecessor:} 12. Be3 Nb6 13. Bxb6 axb6 14. Qb5 h6 15. e3 Ra5 16. Qb3 Rc5 17. Nd2 Na5 18. Qc2 Nxc4 {1-0 (36) Bu,X (2705)-Onischuk,V (2601) Doha 2016}) 12... e4 $15 {Black is slightly better.} 13. Ne1 f5 14. Qa3 Nb6 15. Rac1 Nd4 (15... Rf7 $15) 16. Bf1 $11 Bxd5 17. cxd5 {aiming for Qa5.} h6 18. Be7 (18. Be3 $5 {[%cal Re3d4]} Nb5 19. Qc5 $14) 18... Nb5 19. Qb3 Rf7 $1 20. Qxb5 (20. d6 $5 cxd6 21. e3 $11) 20... Rxe7 21. Ng2 Qe8 22. Qb3 {[#] Black must now prevent d6+.} Qa4 23. Nf4 (23. Qxa4 $11 Nxa4 24. Nf4) 23... Qxb3 $15 24. axb3 Kh7 25. Ne6 Be5 26. Nc5 Bxb2 27. Rc2 Be5 28. Nxb7 Rd7 29. e3 c6 ({Wrong is} 29... Nxd5 $2 30. Bb5 $18) 30. Ba6 (30. Nc5 $5 {[%cal Rc5d7]} Rd6 31. Ra2 $15) 30... cxd5 31. Rc6 Rb8 32. Na5 Na8 33. Rc8 Rb6 34. Nc4 Rxa6 35. Nxe5 Re7 (35... Nb6 {feels hotter.} 36. Rc6 Rg7 37. Rd6 Ra3 38. Rb1 h5) 36. Nxg6 Kxg6 37. Rxa8 $14 {[%mdl 4096] Endgame KRR-KRR} Rd7 38. Rc1 Kf6 39. Rh8 Kg7 40. Rcc8 d4 41. Rhg8+ Kh7 {White should prevent ...d3.} 42. exd4 Rxd4 43. Rgf8 Kg6 44. Rc5 Rf6 45. Rg8+ Kh7 46. Re8 Rd7 47. h4 Kg6 48. Kg2 Rb7 49. Rg8+ Kh7 50. Ra8 f4 {[%cal Bf5f4,Bf4f3][%mdl 32]} 51. Re5 e3 52. fxe3 f3+ 53. Kf2 {Threatens to win with Ree8.} Rff7 $2 {[%mdl 8192] [#]} (53... Rd7 $11) 54. Ree8 $1 $18 Rxb3 {intending ...Rb2+.} 55. Rh8+ Kg6 56. Rag8+ Kf5 57. Rxh6 Re7 58. Rh5+ Ke4 $2 (58... Kf6 {keeps fighting.} 59. Rh6+ (59. Kxf3 Rexe3+ 60. Kg2 Ra3 $18) 59... Ke5) 59. Rg4+ {White is clearly winning.} Kd3 {and the idea ...Rb2+ leaves Black hopeful.} 60. Rd4+ Kc2 61. Rc5+ Kb2 62. e4 {[%cal Be3e4,Be4e5][%mdl 32]} Rf7 (62... Rc3 $142) 63. e5 Ka3 64. Ra5+ Kb2 65. Rad5 {Precision: White = 58%, Black = 48%.} 1-0

[Event "1st Irena Warakomska Memorial"]
[Site "Suwalki"]
[Date "2017.08.14"]
[Round "5"]
[White "Leniart, Arkadiusz"]
[Black "Tomczak, Jacek"]
[Result "1/2-1/2"]
[WhiteElo "2480"]
[BlackElo "2598"]
[Annotator "TA"]
[PlyCount "103"]
[EventDate "2017.??.??"]
[EventType "swiss"]
[EventCountry "POL"]
[SourceTitle "playchess.com"]
[Source "ChessBase"]
[SourceQuality "1"]

{[%evp 24,103,35,25,43,51,94,62,76,76,97,52,78,68,64,78,82,33,118,107,93,4,70,63,73,66,102,85,56,0,0,-22,154,152,213,187,200,219,218,198,223,230,224,137,125,137,156,155,192,171,192,223,226,218,216,218,204,186,175,224,218,224,224,219,231,189,348,34,41,8,8,0,0,0,0,0,0,0,0,0,0,0]} 1. Nf3 Nf6 2. c4 g6 3. Nc3 Bg7 4. e4 d6 5. d4 O-O 6. Be2 Na6 7. O-O e5 8. Be3 Ng4 9. Bg5 Qe8 10. h3 h6 11. Bc1 exd4 12. Nxd4 Nf6 {E94: King's Indian: Classical: 6 Be2 e5 7 0-0: Various Black 7th moves} 13. Bf3 {LiveBook: 40 Games} (13. Bd3 Nc5 14. Bc2 Nfxe4 15. Nxe4 Nxe4 16. Nb5 Qc6 17. Bxe4 Qxe4 18. Nxc7 Rb8 19. Qxd6 Qxc4 20. Na6 {1-0 (62) Batchuluun,T (2544)-Shoker,S (2509) Astana 2017}) 13... Qe5 14. Be3 c6 {White is slightly better.} 15. Nde2 Rd8 $146 ({Find the theoretical novelty and annotate with similar games:} 15... g5 16. Ng3 Be6 17. Be2 Rad8 18. Bd4 Qf4 19. Nf5 d5 20. Nxg7 Kxg7 21. cxd5 cxd5 22. Bxa6 bxa6 23. g3 Qc7 24. Qf3 Qe7 25. exd5 {1-0 (25) Simutowe,A (2435)-Atoofi,P (2284) Minneapolis 2005}) 16. Qd2 Nh7 17. Ng3 h5 18. Be2 h4 19. Nh1 Qa5 20. Bd4 Be6 (20... Bxd4 $14 21. Qxd4 Nc5) 21. Bxg7 $16 Kxg7 22. f4 (22. a3 $16) 22... f5 (22... d5 $11) 23. Nf2 Nf6 24. Rad1 Qc5 25. Kh2 Bxc4 26. b4 (26. exf5 $14 gxf5 27. Bxc4 Qxc4 28. Rg1) 26... Nxb4 $11 27. Rb1 {And now Na4 would win.} (27. Na4 $5 {[%cal Ra4c5]} Qb5 28. Bxc4 Qxc4 29. Rc1 $17) 27... Bxe2 $2 (27... d5 $11 28. Na4 Qe7 29. Bxc4 dxc4 30. Qxb4 Qxb4 31. Rxb4 b5) 28. Nxe2 $16 {[%cal Bc3e2,Be2d4,Bd4f5][%mdl 32]} a5 (28... Qc2 $16 {might work better.} 29. Qxb4 Qxe2) 29. Nd4 $1 $18 {[%cal Rd4e6]} Qc4 30. exf5 gxf5 31. Nxf5+ Kf8 32. Ng4 ({Stronger than} 32. Nxh4 Qxa2 33. Qxa2 Nxa2 $11) 32... Qd5 33. Qxd5 Nbxd5 34. Rxb7 $40 {[%mdl 128] White wants a kill.} Rab8 35. Nxd6 Nxg4+ 36. hxg4 Ne3 37. Rf3 $1 {[%cal Rf3e3]} Nxg4+ 38. Kh3 Nh6 {[#]} 39. Rxb8 $1 Rxb8 40. Kxh4 {[%mdl 4096] Endgame KRN-KRN} Ke7 41. Kg5 Rg8+ 42. Kxh6 Kxd6 {[#] KR-KR} 43. g3 $1 {Black must now prevent Kh7.} Ke6 44. Rc3 Kd5 $2 (44... c5 45. Kh5 (45. Rxc5 Rxg3 46. Rxa5 Rg4 $16) 45... Rc8) 45. Kh5 $2 (45. f5 $18) 45... Kd4 $1 $14 {[%cal Rd4c3]} 46. Ra3 {Strongly threatening f5.} c5 $1 {The position is equal.} 47. g4 {g5 is the strong threat.} Rh8+ 48. Kg5 {aiming for f5.} Rg8+ 49. Kh4 Rh8+ 50. Kg5 {Threatens to win with f5.} Rg8+ 51. Kh4 Rh8+ 52. Kg5 {Precision: White = 56%, Black = 56%.} 1/2-1/2

[Event "1st Irena Warakomska Memorial"]
[Site "Suwalki"]
[Date "2017.08.14"]
[Round "5"]
[White "Krzyzanowski, Marcin"]
[Black "Sadzikowski, Daniel"]
[Result "1/2-1/2"]
[WhiteElo "2464"]
[BlackElo "2594"]
[Annotator "TA"]
[PlyCount "39"]
[EventDate "2017.??.??"]
[EventType "swiss"]
[EventCountry "POL"]
[SourceTitle "playchess.com"]
[Source "ChessBase"]
[SourceQuality "1"]

{[%evp 19,20,0,0]} 1. e4 e5 2. Nf3 Nc6 3. Bb5 Nf6 4. Nc3 Nd4 5. Nxd4 exd4 6. e5 dxc3 7. exf6 Qxf6 8. dxc3 Qe5+ 9. Qe2 Qxe2+ 10. Bxe2 d5 {LiveBook: 77 Games} {Predecessor:} 11. Bf4 $146 c6 12. c4 Be6 13. cxd5 Bxd5 14. O-O Be7 15. Rfe1 O-O 16. Bf3 Be6 17. Bg4 Bb4 18. Re4 Bxg4 19. Rxb4 b5 20. Bd6 {½-½ (30) Liang,A (2483)-Shirov,A (2693) Reykjavik 2017} 1/2-1/2

[Event "1st Irena Warakomska Memorial"]
[Site "Suwalki"]
[Date "2017.08.14"]
[Round "5"]
[White "Barski, Radoslaw"]
[Black "Teglas, Balazs"]
[Result "1-0"]
[WhiteElo "2444"]
[BlackElo "2238"]
[Annotator "TA"]
[PlyCount "55"]
[EventDate "2017.??.??"]
[EventType "swiss"]
[EventCountry "POL"]
[SourceTitle "playchess.com"]
[Source "ChessBase"]
[SourceQuality "1"]

{[%evp 19,55,33,37,1,-16,-4,36,47,56,22,24,33,41,12,95,98,221,218,237,231,238,235,235,235,718,314,322,320,309,297,474,454,29991,737,1945,1816,1314,22]} 1. e4 c5 2. Nf3 e6 3. d4 cxd4 4. Nxd4 Nc6 5. Nc3 Qc7 6. Be3 a6 7. Qf3 {B48: Sicilian: Taimanov: 5 Nc3 Qc7 6 Be3 a6 without Be2} (7. Qd2 Nf6 8. O-O-O Be7 9. f4 b5 10. e5 b4 11. exf6 bxc3 12. Qxc3 Bxf6 13. g4 h6 14. h4 Bb7 15. Rh2 Rc8 16. Qd2 Nxd4 17. Bxd4 Bxd4 18. Qxd4 {½-½ (49) Jakovenko,D (2703)-Inarkiev,E (2707) Geneve 2017}) 7... Bd6 8. O-O-O Be5 9. g3 Nf6 10. Qe2 d6 {LiveBook: 3 Games} 11. f4 Bxd4 12. Bxd4 Nxd4 13. Rxd4 O-O 14. Qd2 (14. Qc4 $5 {[%cal Rc4c7]} Qc5 15. Qd3 $14) 14... b5 {[#]} 15. Bg2 $146 ({Don't go for} 15. Rxd6 $2 b4 $19) 15... Bb7 16. Rd1 Rfc8 {[#]} (16... Rab8 $11 {keeps the balance.}) 17. e5 $1 $36 {[%mdl 2048] Black is under strong pressure.} Bxg2 (17... dxe5 $16 18. fxe5 Nd5) 18. exf6 $18 {Strongly threatening f5.} Bf3 19. Rf1 Qb7 20. f5 {White threatens Qg5 and mate.} ({Stronger than} 20. Rxd6 b4 $11) 20... gxf6 21. fxe6 b4 $2 (21... fxe6 22. Qe3 e5 23. Rxd6 Qe7) 22. exf7+ (22. Nd5 $142) 22... Kxf7 23. Nd5 Bxd5 24. Rxd5 b3 (24... Qe7 $142 25. Rxd6 Kg8 26. Rfxf6 Qe4) 25. axb3 {Black must now prevent Qg5.} Qxb3 {[#]} (25... Rf8 $18 26. Rxd6 Kg8) 26. Rxd6 (26. Rxf6+ $142 $3 {[%mdl 512]} Kxf6 27. Qf4+ Ke6 28. Qxd6+ Kf7 29. Qf4+ Ke8 30. Qe5+ Kf8 31. Qf6+ (31. Rd8+ Rxd8 32. cxb3 Kg8 $18) 31... Ke8 32. Re5+ Kd7 33. Re7+ Kd8 34. Qf8#) 26... Rab8 27. Rdxf6+ Kg8 28. Qg5+ {[%mdl 32768] Precision: White = 43%, Black = 27%. . Loss on Time!?} 1-0

[Event "1st Irena Warakomska Memorial"]
[Site "Suwalki"]
[Date "2017.08.14"]
[Round "5"]
[White "Kashlinskaya, Alina"]
[Black "Czarnota, Pawel"]
[Result "1/2-1/2"]
[WhiteElo "2440"]
[BlackElo "2577"]
[Annotator "TA"]
[PlyCount "57"]
[EventDate "2017.??.??"]
[EventType "swiss"]
[EventCountry "POL"]
[SourceTitle "playchess.com"]
[Source "ChessBase"]
[SourceQuality "1"]

{[%evp 27,57,18,13,9,50,47,52,49,49,59,106,102,178,126,242,230,471,463,457,457,393,336,385,360,716,658,945,929,1355,1339,2194,2109]} 1. d4 d5 2. c4 c6 3. Nf3 Nf6 4. Nc3 e6 5. Bg5 h6 6. Bh4 Be7 7. e3 O-O 8. Bd3 Nbd7 9. O-O dxc4 10. Bxc4 b5 11. Bd3 a6 12. Bxf6 Nxf6 13. Ne4 Nd7 14. Rc1 Bb7 {LiveBook: 9 Games. D66: Queen's Gambit Declined: Classical: Main Line (7 Rc1 c6 8 Bd3)} 15. Bb1 (15. a3 a5 16. Bb1 b4 17. Qc2 g6 18. axb4 axb4 19. Rfd1 Ra5 20. Nfd2 Qa8 21. Nb3 {½-½ (43) Rogozenco,D (2481)-Barnaure,V (2480) Calimanesti Caciulata 2016}) 15... Qc7 16. Qc2 g6 $146 {White is slightly better.} ({Predecessor:} 16... f5 17. Nc5 Nxc5 18. dxc5 Rad8 19. b4 Bc8 20. Rcd1 Kh7 21. e4 {½-½ (59) Kopasov,E (2101)-Vysotskiy,E (1798) LSS email 2014}) 17. h4 c5 18. dxc5 {c6 is the strong threat.} Bxe4 19. Qxe4 Nxc5 {[#]} (19... Nf6 $16 20. Qe5 Qxe5 21. Nxe5 Rac8) 20. h5 $1 {[%mdl 512]} Qb6 (20... Nxe4 $16 21. Rxc7 Bd8) (20... gxh5 21. Qh7#) 21. Qc2 $18 {Black must now prevent b4.} Rac8 $2 (21... Rad8 22. hxg6 f5) 22. hxg6 {[%cal Bh5g6,Bg6g7][%mdl 32]} f5 23. b4 Nd7 24. Qb3 Kg7 25. Nd4 Kf6 $2 (25... Rc4 26. Rxc4 bxc4 27. Qxc4 Rf6) 26. g7 {White is clearly winning.} Rg8 {[#]} 27. Bxf5 $1 {[%mdl 512]} Rxc1 (27... exf5 28. Rxc8) 28. Rxc1 Ne5 29. Rc6 {[%mdl 32768] Precision: White = 100%, Black = 24%. . An unexpected result.} 1/2-1/2

[Event "1st Irena Warakomska Memorial"]
[Site "Suwalki"]
[Date "2017.08.14"]
[Round "5"]
[White "Molenda, Marcin"]
[Black "Koziol, Kamil"]
[Result "1/2-1/2"]
[WhiteElo "2420"]
[BlackElo "2321"]
[Annotator "TA"]
[PlyCount "40"]
[EventDate "2017.??.??"]
[EventType "swiss"]
[EventCountry "POL"]
[SourceTitle "playchess.com"]
[Source "ChessBase"]
[SourceQuality "1"]

{[%evp 9,40,0,-16,-22,-9,-12,-15,-19,-12,-21,-10,-14,-5,1,7,-8,-9,-15,0,-3,45,-17,-7,-64,-62,-40,-18,-9,0,0,0,0,8]} 1. e4 c5 2. Be2 d6 3. f4 Nc6 4. Nf3 g6 5. O-O Bg7 {LiveBook: 41 Games} 6. Kh1 {B21: Sicilian: 2 f4 and Morra Gambit} (6. c3 e5 7. fxe5 dxe5 8. Bc4 Nf6 9. d3 O-O 10. Bg5 Qd6 11. Nbd2 Be6 12. Qe2 Nh5 13. Be3 {0-1 (57) Fedoseev,V (2659)-Gelfand,B (2741) Berlin 2015}) 6... Nh6 7. c3 f5 $146 ({Predecessor:} 7... O-O 8. Qe1 d5 9. d3 f5 10. Na3 d4 11. e5 a6 12. Nc2 Qb6 13. cxd4 Nxd4 14. Nfxd4 cxd4 {1-0 (52) Sale,S (2385)-Armanda,I (2326) Split 2009}) 8. d3 {[%cal Bd2d3,Bd3d4][%mdl 32]} O-O 9. Na3 Rb8 10. Nc2 e5 11. fxe5 Nxe5 12. d4 Nxf3 13. Bxf3 {next dxc5 is good for White.} fxe4 14. Bxe4 Ng4 {[#] ...Qh4 is the strong threat.} 15. Bd5+ ({White should play} 15. Bf4 $14) 15... Kh8 $11 {And now ...Qh4 would win.} 16. Rxf8+ (16. Bf4 $11) 16... Qxf8 $15 17. Qf3 Qxf3 18. Bxf3 {White wants to play Bf4.The position is equal.} Bf5 19. dxc5 dxc5 20. Bf4 Rd8 {Precision: White = 46%, Black = 50%.} (20... Ne5 $5 {[%cal Rf5c2]} 21. Ne3 Be6 $11) 1/2-1/2

[Event "1st Irena Warakomska Memorial"]
[Site "Suwalki"]
[Date "2017.08.14"]
[Round "5"]
[White "Almasi, Istvan"]
[Black "Sandipan, Chanda"]
[Result "0-1"]
[WhiteElo "2408"]
[BlackElo "2568"]
[Annotator "TA"]
[PlyCount "62"]
[EventDate "2017.??.??"]
[EventType "swiss"]
[EventCountry "POL"]
[SourceTitle "playchess.com"]
[Source "ChessBase"]
[SourceQuality "1"]

{[%evp 13,62,21,18,0,40,5,5,14,14,12,16,10,17,0,0,3,12,13,16,-6,8,-8,-10,-5,0,0,0,0,0,0,0,-4,0,-42,-38,-40,-41,-33,-28,-74,-43,-94,-68,-189,-188,-452,-457,-509,-506,-504,-502]} 1. d4 f5 2. g3 Nf6 3. Bg2 g6 4. Nh3 d6 5. d5 c6 6. Nc3 {A81: Dutch Defence: 2 g3} e5 7. dxe6 Bxe6 {LiveBook: 7 Games} 8. O-O {The position is equal.} (8. Ng5 $5 {[%cal Rg5e6]} Bg8 9. Bf4 $14) 8... Bg7 9. Nf4 Bf7 10. e4 fxe4 $1 11. Nxe4 Nxe4 12. Bxe4 (12. Re1 $5 {[%cal Re1e4]}) 12... O-O $146 ({Predecessor:} 12... d5 13. Bg2 {1-0 (63) Kortschnoj,V (2600)-Vasiukov,E (2505) Arvier 2006}) 13. c3 d5 14. Bg2 d4 15. cxd4 Bxd4 16. Qc2 Na6 17. Bd2 Qb6 18. Bc3 Bxc3 19. Qxc3 Qb4 20. Rfc1 Rad8 21. Bf1 Qxc3 22. Rxc3 Nc7 23. Bc4 Bxc4 24. Rxc4 Rd2 25. Rb4 b6 {[%cal Bb7b6,Bb6b5][%mdl 32]} 26. Re1 Nd5 27. Ra4 (27. Nxd5 $15 cxd5 28. Rf1) 27... a5 $36 {[%mdl 2048] And now ...Nxf4 would win. Black is pushing.} 28. Re6 {[#]} (28. b3 $1 $15) 28... b5 $1 $19 {[%cal Rb5a4]} ({But not} 28... Rxb2 29. Rxc6 Nxf4 30. gxf4 $17) 29. Rxa5 $2 (29. Rae4 {is the only way for White.}) 29... Rxf4 $1 {Black is clearly winning.} 30. Ra8+ Kg7 31. Ra7+ Kh6 {Precision: White = 22%, Black = 65%.} 0-1

[Event "1st Irena Warakomska Memorial"]
[Site "Suwalki"]
[Date "2017.08.14"]
[Round "5"]
[White "Czerwonski, Aleksander"]
[Black "Kveinys, Aloyzas"]
[Result "0-1"]
[WhiteElo "2392"]
[BlackElo "2548"]
[Annotator "TA"]
[PlyCount "76"]
[EventDate "2017.??.??"]
[EventType "swiss"]
[EventCountry "POL"]
[SourceTitle "playchess.com"]
[Source "ChessBase"]
[SourceQuality "1"]

{[%evp 24,76,27,23,28,-14,23,-16,-22,-29,16,-59,-45,-85,-80,-71,-75,-89,-89,-88,-83,-77,-69,-66,-65,-87,-77,-95,-93,-122,-114,-211,-206,-213,-213,-198,-177,-178,-182,-182,-182,-182,-182,-192,-191,-266,-267,-255,-262,-334,-328,-432,-433,-427,-427]} 1. d4 Nf6 2. c4 e6 3. Nf3 d5 4. Bg5 h6 5. Bxf6 Qxf6 6. Nc3 c6 7. e3 Nd7 8. Bd3 dxc4 9. Bxc4 g6 10. e4 {D43: Semi-Slav: 5 Bg5 h6} Bg7 11. e5 Qe7 12. Qe2 O-O 13. O-O {LiveBook: 74 Games} Rb8 14. Rfe1 Rd8 15. h3 $146 ({Predecessor:} 15. Rac1 b6 16. Bd3 Bb7 17. Be4 b5 18. h4 a6 {½-½ (40) Rubio Mejia,L (2428)-Sandipan,C (2618) Benasque 2012}) 15... b5 16. Bd3 Bb7 {Black wants to play ...c5.} 17. Ne4 (17. Be4 $11) 17... c5 $15 18. Nxc5 Nxc5 19. dxc5 Bxf3 20. Qxf3 Qxc5 21. Rac1 Qd5 22. Qxd5 Rxd5 23. Be4 Rxe5 24. b3 Rd8 25. Kf1 b4 26. Rc7 Ra5 {aiming for ...Bc3.} 27. Bb1 (27. Rc2 $17) 27... Bc3 $19 28. Rc1 Rad5 29. Be4 Rd1+ 30. Rxd1 Rxd1+ {[%mdl 4096] Endgame KRB-KRB} 31. Ke2 Rd2+ 32. Ke3 Rxa2 33. Bc6 Be1 34. f4 (34. Be8 $142) 34... Rc2 35. Rc8+ Kg7 36. Bb7 Rb2 37. Rc7 Rxb3+ 38. Ke2 Bg3 {Precision: White = 28%, Black = 70%.} 0-1

[Event "1st Irena Warakomska Memorial"]
[Site "Suwalki"]
[Date "2017.08.14"]
[Round "5"]
[White "Teclaf, Pawel"]
[Black "Bartel, Marta"]
[Result "1-0"]
[WhiteElo "2373"]
[BlackElo "2313"]
[Annotator "NA"]
[PlyCount "88"]
[EventDate "2017.??.??"]
[EventType "swiss"]
[EventCountry "POL"]
[SourceTitle "playchess.com"]
[Source "ChessBase"]
[SourceQuality "1"]
[TimeControl "40/5400+30:1800+30"]

1. e4 c5 2. Nf3 Nc6 3. d4 cxd4 4. Nxd4 Nf6 5. Nc3 d6 6. Bc4 Qb6 7. Nb3 e6 8. Bf4 Ne5 9. Be2 Be7 10. Qd2 {B57: Classical Sicilian: Sozin with 6...Qb6} (10. Be3 Qc7 11. f4 Nc6 12. O-O O-O 13. Bf3 a6 14. a4 b6 15. g4 Re8 16. g5 Nd7 17. Bg2 Bb7 18. Rf3 Bf8 {1-0 (42) Palac,M (2578)-Jankovic,A (2564) Marija Bistrica 2011}) 10... a6 11. O-O-O O-O 12. g4 Nexg4 $146 ({Predecessor:} 12... Qc7 13. Bg3 b5 14. g5 b4 15. gxf6 bxc3 16. Qxc3 Qxc3 17. bxc3 gxf6 {1-0 (89) Teclaf,P (2200)-Krzywda,A (2113) Jastrzebia Gora 2015}) 13. Rhg1 Nxf2 14. Be3 N2xe4 15. Nxe4 Nxe4 16. Rxg7+ Kxg7 17. Rg1+ Kh8 18. Bd4+ Qxd4 19. Qxd4+ Nf6 20. Bd3 Rg8 21. Rxg8+ Kxg8 22. Qh4 Kf8 23. Bxh7 Nxh7 24. Qxh7 Bf6 25. Na5 d5 26. Qh6+ Bg7 27. Qh4 Ke8 28. Qg3 Bh6+ 29. Kd1 Bd7 30. Nxb7 Bf8 31. Qc7 Rc8 32. Nd6+ Bxd6 33. Qxd6 Rc6 34. Qb8+ Ke7 35. b3 a5 36. Qh8 Rc8 37. Qg7 Kd6 38. Qxf7 e5 39. h4 Be6 40. Qf2 d4 41. h5 Rh8 42. h6 Ke7 43. Qg3 Kd6 44. Qh4 $18 Kd5 1-0